Statistiken für Pokemon Attacken der 8. Generation

Klicken Sie hier um das Quiz zu spielen!

Allgemein

  • Dieses Quiz wurde 24 mal gespielt
  • Das Durchschnittsergebnis liegt bei 35 aus 64

Antwortstatistiken

TypAttacke% Korrekt
StahlAbblocker
86%
DracheDrachenpfeile
86%
StahlGigantenhieb
86%
StahlGigantenstoß
86%
PflanzeApfelsäure
71%
ElektroAura-Rad
71%
FeuerFeuerball
71%
PflanzeGravitation
71%
WasserKiemenbiss
71%
KampfOctoklammer
71%
ElektroSchockschnabel
71%
FeeSeelenbruch
71%
GesteinTeerschuss
71%
WasserTrefferschwall
71%
PflanzeTrommelschläge
71%
FeeVerzierung
71%
GeistAstralfragmente
57%
EisBlizzardlanze
57%
KampfBody Press
57%
BodenBrandsand
57%
DracheBreitseite
57%
KampfDonnernder Tritt
57%
DracheDrachenkräfte
57%
PflanzeDschungelheilung
57%
DracheDynamax-Kanone
57%
StahlEisenwalze
57%
PsychoEisiger Blick
57%
PflanzeFangeisen
57%
PflanzeGrasrutsche
57%
UnlichtKniefalltrick
57%
GiftMuschelwaffe
57%
FeeNebelexplosion
57%
ElektroOverdrive
57%
WasserPräzisionsschuss
57%
WasserRollwende
57%
KampfSternensturm
57%
NormalTeatime
57%
DracheUnendynastrahlen
57%
PflanzeZweigstoß
57%
NormalBackenstopfer
43%
ElektroBlitzgefängnis
43%
UnlichtBrennender Zorn
43%
KampfCoaching
43%
Normal
Feldimpuls
43%
Unlicht
Finstertreffer
43%
FlugDoppelflügel
43%
UnlichtFesselbiss
43%
PsychoFlächenmacht
43%
UnlichtFrustventil
43%
ElektroHochspannung
43%
KäferKrabbelkracher
43%
WasserLebenstropfen
43%
GesteinMeteorstrahl
43%
FeuerNeidflammen
43%
GeistPoltergeist
43%
PsychoSchauderspruch
43%
DracheSeelentanz
43%
FeeWunderdampf
43%
EisDreifach-Axel
29%
KampfFinalformation
29%
GiftKorrosionsgas
29%
PsychoMagiepulver
29%
DracheSchuppenschuss
29%
NormalSeitenwechsel
29%

Verteilung der Resultate

Perzentil nach korrekt beantworteten Fragen

Anzahl Personen mit jedem Resultat

Ihre Resultats-Entwicklung

Sie haben dieses Quiz noch nicht gespielt